[Event "Lloyds Bank op 15th"]
[Site "London"]
[Date "1991.??.??"]
[Round "10"]
[White "Ivanov, Igor Vasilievich"]
[Black "Cavendish, James"]
[Result "1-0"]
[WhiteElo "2450"]
[BlackElo "2310"]
[PlyCount "69"]
[EventDate "1991.08.??"]
[EventType "swiss"]
[EventRounds "10"]
[EventCountry "ENG"]
[SourceTitle "TD"]
[Source "ChessBase"]
[SourceDate "1994.03.01"]
[SourceVersion "1"]
[SourceVersionDate "1994.03.01"]
[SourceQuality "1"]

1. c4 f5 2. Nf3 Nf6 3. g3 d6 4. d4 e6 5. Bg2 Be7 6. 0-0 0-0 7. Nc3 Qe8 8. b4 Ne4 9. Bb2 Bf6 10. Nxe4 fxe4 11. Nd2 d5 12. Qb3 c6 13. f3 Bg5 14. Rad1 Nd7 15. cxd5 cxd5 16. fxe4 Nf6 17. e5 Ng4 18. Rxf8+ Qxf8 19. Bf3 Ne3 20. Rc1 Nc4 21. Rxc4 dxc4 22. Nxc4 Bd7 23. Nd6 Be7 24. d5 Bxd6 25. dxe6 Bxb4 26. exd7+ Kh8 27. e6 Qc5+ 28. Kg2 Rf8 29. Qd3 Qe7 30. h4 Bd6 31. h5 Qxe6 32. Qe4 Qh6 33. Qh4 Be7 34. Qxe7 Qc1 35. Qxg7# 1-0

[Event "Lloyds Bank op 14th"]
[Site "London"]
[Date "1990.??.??"]
[Round "?"]
[White "Cavendish, James"]
[Black "Flear, Glenn C"]
[Result "1-0"]
[WhiteElo "2325"]
[BlackElo "2470"]
[PlyCount "57"]
[EventDate "1990.08.??"]
[EventType "swiss"]
[EventRounds "10"]
[EventCountry "ENG"]
[SourceTitle "EXT 1997"]
[Source "ChessBase"]
[SourceDate "1996.11.15"]
[SourceVersion "1"]
[SourceVersionDate "1996.11.15"]
[SourceQuality "1"]

1. d4 d5 2. Nf3 Nf6 3. e3 Bf5 4. c4 c6 5. Nc3 e6 6. Bd3 Bb4 7. Bxf5 exf5 8. Qb3 Qe7 9. cxd5 Nxd5 10. 0-0 Nf6 11. d5 0-0 12. Nd4 g6 13. e4 c5 14. Ndb5 fxe4 15. Bf4 c4 16. Qxc4 Na6 17. Bg5 Qe5 18. Bxf6 Qxf6 19. Nxe4 Qb6 20. d6 Rac8 21. Qd5 Bc5 22. Nf6+ Kh8 23. a4 Nb4 24. Qd2 Qd8 25. Ne4 Na6 26. Rac1 Bb6 27. Rxc8 Qxc8 28. Nf6 Qe6 29. Qh6 1-0

[Event "Lloyds Bank op 14th"]
[Site "London"]
[Date "1990.??.??"]
[Round "?"]
[White "Meister, Peter"]
[Black "Cavendish, James"]
[Result "1-0"]
[WhiteElo "2420"]
[BlackElo "2325"]
[PlyCount "75"]
[EventDate "1990.08.??"]
[EventType "swiss"]
[EventRounds "10"]
[EventCountry "ENG"]
[SourceTitle "EXT 1997"]
[Source "ChessBase"]
[SourceDate "1996.11.15"]
[SourceVersion "1"]
[SourceVersionDate "1996.11.15"]
[SourceQuality "1"]

1. d4 d5 2. c4 Nc6 3. Nc3 dxc4 4. Nf3 Nf6 5. e3 e5 6. Nxe5 Nxe5 7. dxe5 Qxd1+ 8. Nxd1 Bb4+ 9. Bd2 Bxd2+ 10. Kxd2 Ne4+ 11. Ke1 Be6 12. f3 Nc5 13. Rc1 0-0-0 14. Nf2 b5 15. b3 cxb3 16. Rxc5 bxa2 17. Rc1 b4 18. Ba6+ Kb8 19. Ke2 b3 20. Nd3 Rxd3 21. Kxd3 b2 22. Rb1 Rd8+ 23. Kc3 a1Q 24. Rxa1 bxa1Q+ 25. Rxa1 c5 26. f4 Bd5 27. Bc4 Bxc4 28. Kxc4 Rd2 29. Kxc5 Rxg2 30. Kd6 Rxh2 31. Ke7 g5 32. Kxf7 Re2 33. Ra3 gxf4 34. e6 Rb2 35. e7 Rb7 36. exf4 h5 37. Kf8 Rxe7 38. Kxe7 1-0

[Event "BCF-ch 76th"]
[Site "Plymouth"]
[Date "1989.??.??"]
[Round "?"]
[White "Cavendish, James"]
[Black "Howell, James C"]
[Result "0-1"]
[WhiteElo "2390"]
[BlackElo "2440"]
[PlyCount "52"]
[EventDate "1989.07.??"]
[EventType "swiss"]
[EventRounds "11"]
[EventCountry "ENG"]
[SourceTitle "CBM 015"]
[Source "ChessBase"]
[SourceDate "1990.04.01"]
[SourceVersion "1"]
[SourceVersionDate "1990.04.01"]
[SourceQuality "1"]

1. c4 e5 2. Nc3 Bb4 3. Qc2 Nf6 4. Nf3 Nc6 5. e3 0-0 6. Nd5 Re8 7. Ng5 g6 8. h4 Bf8 9. a3 d6 10. Bd3 Bg7 11. h5 Nxd5 12. cxd5 Nd4 13. exd4 Qxg5 14. 0-0 Qxh5 15. Qxc7 exd4 16. Bb5 Rf8 17. Bc4 d3 18. Bxd3 Be5 19. g3 Bh3 20. Qc4 Rac8 21. Qe4 Bxf1 22. Bxf1 Qd1 23. d4 Bxg3 24. Bh6 Qxa1 25. fxg3 Rfe8 26. Qf4 Re1 0-1

[Event "Lloyds Bank op 13th"]
[Site "London"]
[Date "1989.??.??"]
[Round "?"]
[White "Dukaczewski, Piotr"]
[Black "Cavendish, James"]
[Result "0-1"]
[WhiteElo "2285"]
[BlackElo "2390"]
[PlyCount "54"]
[EventDate "1989.08.??"]
[EventType "swiss"]
[EventRounds "10"]
[EventCountry "ENG"]
[SourceTitle "TD"]
[Source "ChessBase"]
[SourceDate "1994.03.01"]
[SourceVersion "1"]
[SourceVersionDate "1994.03.01"]
[SourceQuality "1"]

1. e4 c5 2. Nf3 Nc6 3. d4 cxd4 4. Nxd4 Nf6 5. Nc3 e5 6. Ndb5 d6 7. Nd5 Nxd5 8. exd5 Ne7 9. c4 Ng6 10. Be2 Be7 11. 0-0 0-0 12. b4 a6 13. Nc3 f5 14. Re1 e4 15. Bb2 Bf6 16. c5 Bd7 17. Qb3 Kh8 18. Rac1 Be5 19. Nd1 Qf6 20. Bxe5 Nxe5 21. Kh1 Rae8 22. Nc3 Qh4 23. Rf1 Rf6 24. Qc2 Rh6 25. h3 f4 26. Nxe4 Bxh3 27. g3 Bg2+ 0-1

[Event "Lloyds Bank op 13th"]
[Site "London"]
[Date "1989.??.??"]
[Round "?"]
[White "Murshed, Niaz"]
[Black "Cavendish, James"]
[Result "1-0"]
[WhiteElo "2475"]
[BlackElo "2390"]
[PlyCount "103"]
[EventDate "1989.08.??"]
[EventType "swiss"]
[EventRounds "10"]
[EventCountry "ENG"]
[SourceTitle "TD"]
[Source "ChessBase"]
[SourceDate "1994.03.01"]
[SourceVersion "1"]
[SourceVersionDate "1994.03.01"]
[SourceQuality "1"]

1. d4 Nf6 2. c4 c5 3. e3 cxd4 4. exd4 d5 5. Nc3 Nc6 6. Nf3 Bg4 7. cxd5 Nxd5 8. Qb3 Bxf3 9. gxf3 Nb6 10. Be3 e6 11. 0-0-0 Be7 12. Rg1 0-0 13. Bd3 Rc8 14. Kb1 Na5 15. Qb5 Nd5 16. Bh6 g6 17. Nxd5 exd5 18. Bxf8 Bxf8 19. Rc1 Rxc1+ 20. Rxc1 a6 21. Qa4 b5 22. Qc2 Qf6 23. Qc3 Qxf3 24. Bc2 Qxc3 25. bxc3 Nc4 26. Bb3 Nb6 27. Re1 Bd6 28. h3 Kf8 29. Kc2 Kg7 30. Kd3 Kf6 31. Ra1 Ba3 32. Re1 h5 33. Re8 Bd6 34. Ke3 Kf5 35. Kf3 h4 36. Ke3 Kf6 37. Rh8 g5 38. Re8 Bc7 39. Kf3 Bd6 40. Kg4 Bc7 41. Rg8 Bf4 42. Rh8 Kg7 43. Re8 Kf6 44. Bc2 Bc7 45. Rh8 Kg7 46. Rh7+ Kf6 47. Rh6+ Kg7 48. Rc6 Bd8 49. Bf5 a5 50. Rc5 b4 51. cxb4 axb4 52. Rb5 1-0